000 01327am a2200481a 44500
003 AR-BaBNM
005 20251128203827.0
008 307019s1964 #AR|||||||||||000 | spa||
040 _cAR-BaBNM
100 1 _aKraus, Egon
245 1 0 _aEl estado actual de la educación musical en el mundo
260 _aBuenos Aires
_bEudeba
_c1964
300 _a278 p.
490 0 _aLa escuela en el tiempo. Temas: Música
650 4 _aARTE
650 4 _aEDUCACION MUSICAL
650 4 _aPROGRAMAS DE ESTUDIOS
651 4 _aYUGOSLAVIA
651 4 _aURSS
651 4 _aSuiza
651 4 _aReino Unido
651 4 _aIndia
651 4 _aFrancia
651 4 _aEstados Unidos
651 4 _aChile
651 4 _aBélgica
651 4 _aAustralia
651 4 _aAlemania
651 4 _aHolanda
700 1 _aCameron, Alexandra E.
_ecolaborador
700 1 _aBogaert, Irène
_ecolaborador
700 1 _aSanta Cruz, Domingo
_ecolaborador
700 1 _aBindhoff de Sigren, Cora
_ecolaborador
700 1 _aSouriac, Blanche
_ecolaborador
700 1 _aMersmann, Hans
_ecolaborador
700 1 _aSambamoorthy, P.
_ecolaborador
700 1 _aReich, Trude
_ecolaborador
700 1 _aEhinger, Hans
700 1 _aRumer, María
_ecolaborador
700 1 _aLawler, Vanett
_ecolaborador
942 _cBK
998 _cCarmen
999 _c5064
_d5064